Formel 1 Fahrer 2020 - Statistiken

Allgemein
  • Dieses Quiz wurde 42 mal gespielt
  • Das Durchschnittsergebnis liegt bei 20 aus 24
Antwortstatistiken
Team Nation Nummer Fahrer % Korrekt
Mercedes Großbritannien 44 Lewis Hamilton
100%
Red Bull Niederlande 33 Max Verstappen
100%
Ferrari Deutschland 5 Sebastian Vettel
100%
Red Bull Thailand 23 Alexander Albon
97%
Ferrari Monaco 16 Charles Leclerc
97%
Mercedes Finnland 77 Valtteri Bottas
97%
McLaren Großbritannien 4 Lando Norris
95%
McLaren Spanien 55 Carlos Sainz jr.
92%
Racing Point Kanada 18 Lance Stroll
92%
Racing Point Deutschland 27 Nico Hülkenberg
92%
Alpha Tauri Frankreich 10 Pierre Gasly
92%
Racing Point Mexiko 11 Sergio Perez
92%
Haas Dänemark 20 Kevin Magnussen
89%
Alfa Romeo Finnland 7 Kimi Räikkönen
89%
Renault Australien 3 Daniel Ricciardo
86%
Renault Frankreich 31 Esteban Ocon
86%
Mercedes Großbritannien 63 George Russell
86%
Williams Großbritannien 63 George Russell
86%
Williams Kanada 6 Nicholas Latifi
81%
Haas Frankreich 8 Romain Grosjean
76%
Alpha Tauri Russland 26 Daniil Kvyat
68%
Alfa Romeo Italien 99 Antonio Giovinazzi
62%
Haas Brasilien 51 Pietro Fittipaldi
41%
Williams Großbritannien 89 Jack Aitken
32%
Keine übereinstimmenden Quizze gefunden
Verteilung der Resultate
Anzahl Personen mit jedem Resultat
Perzentil nach korrekt beantworteten Fragen
Ihre Resultats-Entwicklung
Sie haben dieses Quiz noch nicht gespielt